KOHA-Header-6

Selected Readings in Public Speaking (Record no. 2813)

000 -LEADER
fixed length control field 00295nam a2200109Ia 4500
008 - FIXED-LENGTH DATA ELEMENTS--GENERAL INFORMATION
fixed length control field 190902s9999||||xx |||||||||||||| ||und||
100 ## - MAIN ENTRY--PERSONAL NAME
Personal name Wilhoit,Robert
245 #0 - TITLE STATEMENT
Title Selected Readings in Public Speaking
260 ## - PUBLICATION, DISTRIBUTION, ETC. (IMPRINT)
Place of publication, distribution, etc California
Name of publisher, distributor, etc Dickenson publishing company
Date of publication, distribution, etc 1966
300 ## - PHYSICAL DESCRIPTION
Extent 264p.:
942 ## - ADDED ENTRY ELEMENTS (KOHA)
Koha item type Books
Holdings
Withdrawn status Lost status Source of classification or shelving scheme Damaged status Not for loan Collection code Permanent Location Current Location Shelving location Date acquired Total Checkouts Barcode Date last seen Date checked out Price effective from Koha item type
          English Literature MAJU MAJU Shelf No.A14 2019-09-02 1 6474 2023-10-11 2023-10-11 2019-09-02 English Literature

Powered by Koha